Hangoskönyvek felhasználása beszédfelismerő rendszerek fejlesztésében

Elmentve itt :
Bibliográfiai részletek
Szerző: Somossy Gábor
További közreműködők: Tóth László (Témavezető)
Dokumentumtípus: Szakdolgozat
Megjelent: 2009
Tárgyszavak:
Online Access:http://diploma.bibl.u-szeged.hu/3480
LEADER 00820nta a2200181 i 4500
001 dipl3480
005 20130314072708.0
008 110413s2009 hu om 0|| hun d
040 |a SZTE Diploma Repozitórium  |b hun 
041 |a hun 
100 1 |a Somossy Gábor 
245 1 0 |a Hangoskönyvek felhasználása beszédfelismerő rendszerek fejlesztésében  |h [elektronikus dokumentum] /  |c Gábor Somossy 
260 |c 2009 
650 4 |a Informatika 
700 1 |a Tóth László  |e ths 
856 4 0 |u http://diploma.bibl.u-szeged.hu/id/eprint/3480/1/2009_somossy_gabor_09_110.pdf  |z Dokumentum-elérés  
856 4 0 |u http://diploma.bibl.u-szeged.hu/id/eprint/3480/2/2009_somossy_gabor_09_110_biralat.pdf  |z Dokumentum-elérés  
856 4 0 |u http://diploma.bibl.u-szeged.hu/id/eprint/3480/3/2009_somossy_gabor_09_110_melleklet.tgz  |z Dokumentum-elérés